000
00249nam a22001097a 4500
040
_c
sy
082
_a
330
100
_a
អ៊ុន យ៉េត
245
_a
ភូមិវិទ្យារូប
260
_a
RUP
_b
អ៊ុន
_c
1987
942
_c
KB
999
_c
8507
_d
8507